00410nam a22001457a 4500003000500000020000800005038001100013082001700024100002700041245005700068260003100125300001300156880004500169880005000214NUST qH/B awaseem a297.692bNOS aNoshahi, Syed Sharafat aTazikara Noshah Gunj Bakhas /cSyed Sharafat Noshahi aLahore :bAl-Kitab,c1978. a192 p. ; 6100-01\raسید شرافت نوشاھی 6245-02\raتزکرہ نوشہ گنج بخش /